000 01316cam a2200409 i 4500
999 _c1118
_d1118
001 .b59577411
003 OCoLC
005 20211008105354.0
008 140312r20141952enk 000 f eng d
020 _a9780241970560
_q(pbk.)
020 _a0241970563
_q(pbk.)
035 _a(OCoLC)926997483
040 _aSHS
_beng
_erda
_cSHS
_dOCLCO
_dOCLCF
_dOCLCO
_dOCL
042 _anbic
043 _an-us---
082 0 4 _aFIC ELL
100 1 _aEllison, Ralph,
_eauthor.
245 1 0 _aInvisible man /
_cRalph Ellison.
250 _aPenguin essentials edition.
260 _c2014.
264 1 _aLondon, England :
_bPenguin Books,
_c2014.
300 _axxiii, 581 pages ;
_c18 cm.
336 _atext
_2rdacontent.
337 _aunmediated
_2rdamedia.
338 _avolume
_2rdacarrier.
490 1 _aPenguin essentials.
500 _aOriginally published: New York : Random House, 1952.
648 7 _a1933-1945
_2fast.
650 0 _aAfrican American men
_vFiction.
650 0 _aRacism
_zUnited States
_vFiction.
650 0 _aAfrican Americans
_xSocial conditions
_vFiction.
650 0 _aAfrican Americans
_xCivil rights
_vFiction.
651 0 _aUnited States
_xRace relations
_vFiction.
651 0 _aUnited States
_xSocial conditions
_y1933-1945
_vFiction.
830 0 _aPenguin essentials.
942 _2ddc
_cFIC